| LEADER | 00601nam a22001932a 4500 | ||
|---|---|---|---|
| 001 | 000547522 | ||
| 003 | CZ BrMZK | ||
| 005 | 20000105143423.0 | ||
| 007 | ta | ||
| 008 | 000105s1875 au f ger d | ||
| 040 | |a BOA001 |b cze | ||
| 100 | 1 | |a Wankel, Jindřich, |d 1821-1897 |7 jk01151419 | |
| 245 | 1 | 0 | |a Skizzen aus Kiev |
| 260 | |a Wien, |c 1875 | ||
| 910 | |a BOA001 |b 2-0020.588 | ||
| 990 | |a BK | ||
| 993 | |a Y | ||
| 996 | 6 | |b 2619723447 |c 2-0020.588 |l MZK |r Sklad / do 24 hodin |n 2 |w 000547522 |u 000010 |a 1 |e BOA001 |j MZK50 |s P | |
| 996 | 6 | |b 2619723937 |c 2-0020.588 |l MZK |r Sklad / do 24 hodin |n 3 |w 000547522 |u 000020 |a 1 |e BOA001 |j MZK50 |s P | |
English
Čeština 